[Event "Below 2000 Swift Knock Out"]
[Site "SchemingMind.com"]
[Date "2015.11.07"]
[Round "-"]
[White "p k"]
[Black "David Hartley"]
[Result "1-0"]
[WhiteCountry "IND"]
[BlackCountry "ENG"]
[WhiteElo "2204"]
[WhiteRD "225"]
[BlackElo "1751"]
[BlackRD "64"]
[GameID "389864"]

1. e4 e5 2. Nf3 Nc6 3. Bb5 a6 4. Ba4 Nf6 5. O-O Be7 6. Re1 b5 7. Bb3 d6 8. c3 O-O 9. h3 Bb7 10. d4 exd4
11. cxd4 Nd7 12. Nc3 Bf6 13. Nd5 Re8 14. Qd2 Ne7 15. Nxf6+ Nxf6 16. Ng5 Rf8 17. e5 dxe5 18. dxe5 Qxd2 19. Bxd2 Nfd5 20. Rac1 h6
21. Nf3 c6 22. e6 fxe6 23. Rxe6 Rfe8 24. Bb4 Kh7 25. Bxe7
1-0

[Event "Below 2000 Swift Knock Out"]
[Site "SchemingMind.com"]
[Date "2015.11.07"]
[Round "-"]
[White "David Hartley"]
[Black "p k"]
[Result "0-1"]
[WhiteCountry "ENG"]
[BlackCountry "IND"]
[WhiteElo "1751"]
[WhiteRD "64"]
[BlackElo "2204"]
[BlackRD "225"]
[GameID "389865"]

1. e4 e5 2. Nf3 Nc6 3. Bb5 a6 4. Ba4 Nf6 5. O-O Be7 6. Re1 b5 7. Bb3 d6 8. c3 O-O 9. h3 Bb7 10. d4 Nd7
11. Bc2 exd4 12. cxd4 Nb4 13. Bb3 c5 14. a3 Nc6 15. dxc5 dxc5 16. Bf4 Re8 17. Nbd2 c4 18. Bc2 Bf6 19. Rb1 Nde5 20. Re3 Qe7
21. Nxe5 Nxe5 22. b3 Rad8 23. bxc4 Nxc4 24. Reb3 Be5 25. Be3 Bc7 26. f3 Nxe3 27. Rxe3 Qe5 28. Qe2 Qh2+
0-1

[Event "Below 2000 Swift Knock Out"]
[Site "SchemingMind.com"]
[Date "2015.11.08"]
[Round "-"]
[White "Apatchenlama"]
[Black "Simon Green"]
[Result "1-0"]
[WhiteCountry "GER"]
[BlackCountry "ENG"]
[WhiteElo "1892"]
[WhiteRD "106"]
[BlackElo "1582"]
[BlackRD "58"]
[GameID "389922"]

1. d4 e6 2. c4 d5 3. g3 Nf6 4. Bg2 Bb4+ 5. Bd2 Bxd2+ 6. Nxd2 c6 7. Ngf3 Nbd7 8. O-O O-O 9. Qc2 h6 10. e4 Nb6
11. e5 Ne8 12. Rfd1 f5 13. Nh4 Kh7 14. a4 g5 15. Nhf3 Nd7 16. cxd5 cxd5 17. Rac1 b6 18. Nb1 Bb7 19. Nc3 Rc8 20. Qb1 Nc7
21. Ne2 Na6 22. g4 Qe7 23. Ng3 Kg7 24. gxf5 Rf7 25. f6+ Nxf6 26. exf6+ Rxf6 27. Nh5+ Kf8 28. Ne5 Ke8 29. Rxc8+ Bxc8 30. Nxf6+ Qxf6
31. Qh7 Kd8 32. Rc1
1-0

[Event "Below 2000 Swift Knock Out"]
[Site "SchemingMind.com"]
[Date "2015.11.08"]
[Round "-"]
[White "Simon Green"]
[Black "Apatchenlama"]
[Result "0-1"]
[WhiteCountry "ENG"]
[BlackCountry "GER"]
[WhiteElo "1582"]
[WhiteRD "58"]
[BlackElo "1892"]
[BlackRD "106"]
[GameID "389923"]

1. d4 Nf6 2. e3 d5 3. Bd3 c5 4. c3 Nc6 5. f4 Bg4 6. Nf3 e6 7. Nbd2 Be7 8. O-O O-O 9. Qe1 Bf5 10. Bxf5 exf5
11. Ne5 Rc8 12. Nxc6 bxc6 13. Nf3 Re8 14. Bd2 Qb6 15. b3 cxd4 16. cxd4 c5 17. Rc1 Ne4 18. Ba5 Qa6 19. a3 cxd4 20. Rxc8 Rxc8
21. Nxd4 g6 22. Bb4 Bf6 23. Nf3 Rc2 24. Nd2 Nxd2 25. Rf2 Nf3+ 26. gxf3 Bh4 27. Qf1 Bxf2+
0-1

[Event "Below 2000 Swift Knock Out"]
[Site "SchemingMind.com"]
[Date "2015.11.08"]
[Round "-"]
[White "kenneth m day"]
[Black "Paul7926"]
[Result "1-0"]
[WhiteCountry "USA"]
[BlackCountry "ENG"]
[WhiteElo "1678"]
[WhiteRD "53"]
[BlackElo "1389"]
[BlackRD "70"]
[GameID "389929"]

1. e4 e5 2. f4 exf4 3. Nf3 g5 4. d4 Bg7 5. Bc4 Qe7 6. Nc3 Nf6 7. Nxg5 O-O 8. O-O Bh6 9. Bxf4 Ng4 10. Qxg4 Bxg5
11. Bxg5 Qe8 12. Bf6#
1-0

[Event "Below 2000 Swift Knock Out"]
[Site "SchemingMind.com"]
[Date "2015.11.08"]
[Round "-"]
[White "Paul7926"]
[Black "kenneth m day"]
[Result "0-1"]
[WhiteCountry "ENG"]
[BlackCountry "USA"]
[WhiteElo "1389"]
[WhiteRD "70"]
[BlackElo "1678"]
[BlackRD "53"]
[GameID "389930"]

1. d4 d5 2. c4 Nc6 3. Nc3 Nf6 4. Nf3 Bg4 5. e3 e6 6. b3 Bb4 7. Bd2 O-O 8. Bd3 e5 9. h3 Bh5 10. a3 Bxc3
11. Bxc3 e4 12. Be2 exf3 13. gxf3 dxc4 14. Bxc4 Re8 15. d5 Ne5 16. Bxe5 Rxe5 17. Be2 Rxd5 18. Qc2 Qd7 19. e4 Rd6 20. a4 Rd8
21. O-O Qxh3 22. Rad1 Nd5 23. exd5 Rg6+ 24. Qxg6 Bxg6 25. Bd3 Rd6 26. Rfe1 h6
0-1

[Event "Below 2000 Swift Knock Out"]
[Site "SchemingMind.com"]
[Date "2015.11.11"]
[Round "-"]
[White "JAHI"]
[Black "spoke"]
[Result "0-1"]
[WhiteCountry "INT"]
[BlackCountry "GER"]
[WhiteElo "1855"]
[WhiteRD "150"]
[BlackElo "1767"]
[BlackRD "70"]
[GameID "390164"]

1. g3 e6 2. Bg2 Nf6 3. e3 d5 4. Qe2 Nc6 5. a3 g6 6. b3 Bg7 7. Bb2 O-O 8. d3 e5 9. Nd2 Be6 10. h3 Qd7
11. Rd1 d4 12. e4 a6 13. Qf1 Nh5 14. Ne2 f5 15. Rh2 fxe4 16. dxe4 d3 17. cxd3 Qxd3 18. Nc1 Qxf1+ 19. Nxf1 Rad8 20. Rxd8 Rxd8
21. Ne3 Nd4 22. Bxd4 exd4 23. Nc4 d3 24. Nd2 Bb2 25. Kd1 Bxa3 26. Bf1 Bxc1 27. Kxc1 b5 28. Kb2 c5 29. Kc3 b4+ 30. Kb2 a5
31. h4 a4 32. Bh3 Bxb3 33. Nxb3 axb3 34. Be6+ Kg7 35. Bxb3 Rd4 36. e5 c4 37. Bd1 c3+ 38. Kb3 c2 39. Bxc2 dxc2 40. Kxc2 Re4
41. Kb3 Kf7 42. Rg2 Ke6 43. f3 Re3+ 44. Kxb4 Rxf3 45. g4 Rg3
0-1

[Event "Below 2000 Swift Knock Out"]
[Site "SchemingMind.com"]
[Date "2015.11.11"]
[Round "-"]
[White "spoke"]
[Black "JAHI"]
[Result "1/2-1/2"]
[WhiteCountry "GER"]
[BlackCountry "INT"]
[WhiteElo "1767"]
[WhiteRD "70"]
[BlackElo "1855"]
[BlackRD "150"]
[GameID "390165"]

1. e4 g6 2. d4 Bg7 3. Nf3 h6 4. Bc4 e6 5. Nc3 a6 6. Be3 Qe7 7. O-O b6 8. Re1 Bb7 9. Qd2 d6 10. d5 e5
11. a4 Nd7 12. b4 Qf8 13. Qe2 Ne7 14. Rac1 Rg8 15. h3 g5 16. Nh2 Bh8 17. Nb1 Rg6 18. Bb3 Qg8 19. c4 Qh7 20. c5 Bc8
21. cxb6 cxb6 22. Nd2 h5 23. Nc4 Rb8 24. b5 Nc5 25. Bxc5 bxc5 26. Na5 axb5 27. axb5 g4 28. h4 g3 29. Nf3 f6 30. Bc4 f5
31. Nc6 Nxc6 32. dxc6 Bf6 33. Red1 Bd8 34. exf5 gxf2+ 35. Qxf2 Bxf5 36. Ng5 Bxg5 37. hxg5 Rxg5 38. Rxd6 h4 39. Qxc5 Qg7 40. Qd5 h3
41. Bf1 hxg2 42. Re6+ Bxe6 43. Qxe6+ Qe7 44. Qxe7+ Kxe7 45. Bxg2 Rxb5 46. c7 Rb2 47. c8=Q Rgxg2+ 48. Kf1 Rbf2+=
1/2-1/2

[Event "Below 2000 Swift Knock Out"]
[Site "SchemingMind.com"]
[Date "2015.11.18"]
[Round "-"]
[White "emvarela"]
[Black "Holty"]
[Result "0-1"]
[WhiteCountry "ARG"]
[BlackCountry "ENG"]
[WhiteElo "1690"]
[WhiteRD "47"]
[BlackElo "1792"]
[BlackRD "68"]
[GameID "390310"]

1. e4 e6 2. d4 d5 3. Nc3 c5 4. Nf3 Nf6 5. Bd3 c4 6. Be2 Bb4 7. e5 Bxc3+ 8. bxc3 Ne4 9. Bd2 O-O 10. O-O Nc6
11. h3 f6 12. Re1 fxe5 13. dxe5 b5 14. a4 Rb8 15. axb5 Rxb5 16. Bxc4 dxc4 17. Rxe4 a5 18. Bf4 Rd5 19. Qc1 Qd7 20. Nd4 Nxd4
21. cxd4 Rxd4 22. Rxd4 Qxd4 23. Bg3 Qc5 24. Qe1 Qb4 25. Qxb4 axb4 26. Ra4 b3 27. cxb3 cxb3 28. Rb4 Ba6 29. Rxb3 Bc4 30. Re3 Ra8
31. f4 Ra2 32. Rc3 Bd5 33. Bf2 Ra4 34. g3 Ra1+
0-1

[Event "Below 2000 Swift Knock Out"]
[Site "SchemingMind.com"]
[Date "2015.11.18"]
[Round "-"]
[White "Holty"]
[Black "emvarela"]
[Result "1-0"]
[WhiteCountry "ENG"]
[BlackCountry "ARG"]
[WhiteElo "1792"]
[WhiteRD "68"]
[BlackElo "1690"]
[BlackRD "47"]
[GameID "390311"]

1. d4 Nf6 2. Nf3 d5 3. e3 e6 4. Bd3 c5 5. b3 Nc6 6. Nbd2 cxd4 7. exd4 Bb4 8. Bb2 Bxd2+ 9. Nxd2 Qc7 10. Nf3 Bd7
11. a3 O-O-O 12. O-O h6 13. Qe2 Rhe8 14. Rfc1 g5 15. Ne5 Nxe5 16. dxe5 Ng8 17. c4 Bc6 18. c5 d4 19. a4 Rd5 20. Qc2 Qxe5
21. Re1 Qf6 22. Be4 Re5 23. Bxd4 Bxe4 24. Rxe4 Qg6 25. Bxe5 Ne7 26. Qe2 Nc6 27. Bc3 Rd8 28. Re3 Nd4 29. Qb2 Nc2 30. Qc1 Nxa1
31. Bxa1 Rd3 32. Rxd3 Qxd3 33. Bc3 Qd5 34. b4 f5 35. h3 e5 36. Qe1 e4 37. Bg7 h5 38. Bh6 g4 39. hxg4 hxg4 40. Bf4 Qd3
41. Qf1 Qd4 42. Qb5 Qd1+ 43. Kh2 Qd7 44. Qxd7+ Kxd7 45. f3 gxf3 46. gxf3 exf3 47. Kg3 b6 48. cxb6 axb6 49. b5 Ke6 50. Be3
1-0

[Event "Below 2000 Swift Knock Out"]
[Site "SchemingMind.com"]
[Date "2015.11.16"]
[Round "-"]
[White "ray winteringham"]
[Black "Eric111"]
[Result "0-1"]
[WhiteCountry "ENG"]
[BlackCountry "USA"]
[WhiteElo "1473"]
[WhiteRD "55"]
[BlackElo "1731"]
[BlackRD "55"]
[GameID "390469"]

1. e4 e5 2. Nf3 Nc6 3. d3 Nf6 4. Be3 Be7 5. h3 d6 6. Nc3 h6 7. Qd2 Be6 8. Be2 Qd7 9. b3 d5 10. exd5 Nxd5
11. Nxd5 Bxd5 12. c4 Bxf3 13. Bxf3 Bb4 14. O-O Bxd2 15. Bxd2 O-O 16. a3 Qxd3 17. Rfd1 Qxb3 18. Rdb1 Qd3 19. Rd1 Qxc4 20. Rdc1 Qe6
21. Bg4 Qg6 22. Bf3 Rad8 23. Be3 Nd4 24. Rxc7 Nxf3+
0-1

[Event "Below 2000 Swift Knock Out"]
[Site "SchemingMind.com"]
[Date "2015.11.16"]
[Round "-"]
[White "Eric111"]
[Black "ray winteringham"]
[Result "1-0"]
[WhiteCountry "USA"]
[BlackCountry "ENG"]
[WhiteElo "1731"]
[WhiteRD "55"]
[BlackElo "1473"]
[BlackRD "55"]
[GameID "390470"]

1. e4 c5 2. Nf3 Nc6 3. Nc3 e5 4. d3 d6 5. g3 Be7 6. Bg2 h6 7. Bd2 Nf6 8. a3 Be6 9. Qe2 Qb6 10. Rb1 d5
11. exd5 Bxd5 12. Nxd5 Nxd5 13. Nxe5 Nxe5 14. Bxd5 Ng6 15. O-O O-O 16. Rfe1 Rfe8 17. Qf3 Bf6 18. Bc3 Bxc3 19. bxc3 Rxe1+ 20. Rxe1 Qc7
21. Bxb7 Rb8 22. Bd5 Qa5 23. Qxf7+ Kh7 24. Re8 Rxe8 25. Qxe8
1-0

[Event "Below 2000 Swift Knock Out"]
[Site "SchemingMind.com"]
[Date "2015.11.22"]
[Round "-"]
[White "berns"]
[Black "Timaeus"]
[Result "1-0"]
[WhiteCountry "ENG"]
[BlackCountry "JPN"]
[WhiteElo "1594"]
[WhiteRD "79"]
[BlackElo "1343"]
[BlackRD "70"]
[GameID "390764"]

1. e4 c5 2. Nf3 d6 3. d4 cxd4 4. Nxd4 Nf6 5. Nc3 g6 6. Be3 Bg7 7. f3 O-O 8. Qd2 Nc6 9. Bc4 Ne5 10. Bb3 Bd7
11. O-O-O a6 12. g4 Rc8 13. h4 Nfxg4 14. fxg4 Bxg4 15. Rdf1 Qd7 16. Bh6 e6 17. Bxg7 Kxg7 18. Nd1 b5 19. Nf2 Rc7 20. Nxg4 Nxg4
21. Rfg1 h5 22. c3 Rfc8 23. Bd1 b4 24. Bxg4 hxg4 25. Ne2 Qa4 26. Kb1 b3 27. a3 d5 28. exd5 Rd7 29. Qd4+ Qxd4 30. Nxd4 Rxd5
31. Rxg4 f5 32. Rg3 Kf6 33. Nxb3 a5 34. Kc2 a4 35. Nd2 e5 36. Rd3 Rb5 37. Rd6+ Ke7 38. Rxg6 e4 39. Re1 Rh8 40. Nxe4 Re5
41. Ra6 fxe4 42. Rxa4 e3 43. Rd4 Rf8 44. h5 Rf2+ 45. Kd3 Rf3 46. Re4 e2+ 47. Kd4 Rxe4+ 48. Kxe4 Rh3 49. Rxe2 Rh4+ 50. Kd3+ Kd6
51. Kc2 Rxh5 52. b4 Kc6 53. a4 Kb6 54. Re6+ Kc7 55. Kb3 Rh7 56. Ra6 Kb7 57. b5 Rh5 58. c4 Rh3+ 59. Kb4 Rh4 60. Rc6 Rh1
61. Ka5 Rb1 62. Rb6+ Kc7 63. c5
1-0

[Event "Below 2000 Swift Knock Out"]
[Site "SchemingMind.com"]
[Date "2015.11.22"]
[Round "-"]
[White "Timaeus"]
[Black "berns"]
[Result "0-1"]
[WhiteCountry "JPN"]
[BlackCountry "ENG"]
[WhiteElo "1388"]
[WhiteRD "77"]
[BlackElo "1598"]
[BlackRD "81"]
[GameID "390765"]

1. e4 e5 2. Nf3 Nc6 3. c3 Nf6 4. d4 exd4 5. cxd4 Nxe4 6. Bd3 d5 7. O-O Bg4 8. h3 Bh5 9. Nc3 Nxc3 10. bxc3 Bd6
11. Re1+ Ne7 12. Rb1 b6 13. Be2 Bg6 14. Rb2 O-O 15. g3 Qc8 16. Bd3 Re8 17. Rbe2 Bh5 18. Bxh7+ Kxh7 19. Ng5+ Kg8 20. Qd3 g6
21. g4 Bxg4 22. hxg4 Qxg4+ 23. Kf1 Kg7 24. f3 Qh4 25. Be3 Nf5 26. Rg2 f6 27. Bf2 Rxe1+ 28. Bxe1 Ng3+ 29. Bxg3 Bxg3 30. f4 fxg5
31. Rxg3 Qxf4+ 32. Rf3 Qe4 33. Qd1 Rh8 34. Kf2 Rf8 35. Rxf8 Kxf8 36. Qd2 Qh4+ 37. Kf1 Qf4+ 38. Qf2 Qxf2+ 39. Kxf2 Kf7 40. Kg3 Kf6
41. Kg4 c5
0-1

[Event "Below 2000 Swift Knock Out"]
[Site "SchemingMind.com"]
[Date "2015.11.28"]
[Round "-"]
[White "kenneth m day"]
[Black "p k"]
[Result "0-1"]
[WhiteCountry "USA"]
[BlackCountry "IND"]
[WhiteElo "1713"]
[WhiteRD "53"]
[BlackElo "2266"]
[BlackRD "192"]
[GameID "391092"]

1. e4 c5 2. d4 cxd4 3. c3 dxc3 4. Nxc3 Nc6 5. Bc4 e6 6. Nf3 Be7 7. O-O d6 8. Bf4 Nf6 9. Qe2 e5 10. Bg3 Bg4
11. h3 Nd4 12. Qd3 Nxf3+ 13. gxf3 Bxh3 14. Rfd1 O-O 15. Kh2 Bd7 16. Kg2 Rc8 17. Rac1 a6 18. Rh1 g6 19. Bb3 Nh5 20. Rcg1 Be6
21. Nd5 Bg5 22. Bc2 Bxd5 23. exd5 f5 24. Kf1 e4 25. fxe4 fxe4 26. Qxe4 Nxg3+ 27. Rxg3 Qf6 28. Qe6+ Qxe6 29. dxe6 Rxc2
0-1

[Event "Below 2000 Swift Knock Out"]
[Site "SchemingMind.com"]
[Date "2015.11.28"]
[Round "-"]
[White "p k"]
[Black "kenneth m day"]
[Result "1-0"]
[WhiteCountry "IND"]
[BlackCountry "USA"]
[WhiteElo "2266"]
[WhiteRD "192"]
[BlackElo "1713"]
[BlackRD "53"]
[GameID "391093"]

1. e4 e5 2. Nf3 Nc6 3. Bb5 f5 4. Nc3 fxe4 5. Nxe4 Nf6 6. Qe2 d5 7. Neg5 Bg4 8. Qxe5+ Qe7 9. O-O Bxf3 10. Nxf3 O-O-O
11. Bxc6 bxc6 12. Qg3 Qc5 13. d4 Qxc2 14. Ne5 Nh5 15. Qh3+
1-0

[Event "Below 2000 Swift Knock Out"]
[Site "SchemingMind.com"]
[Date "2015.12.02"]
[Round "-"]
[White "Beefmaster"]
[Black "Brerrabbit"]
[Result "1-0"]
[WhiteCountry "USA"]
[BlackCountry "SCO"]
[WhiteElo "1577"]
[WhiteRD "77"]
[BlackElo "1469"]
[BlackRD "141"]
[GameID "391301"]

1. d4 g6 2. e3 Nf6 3. Bd3 b6 4. Qf3 Nc6 5. d5 Ne5 6. Qf4 d6 7. Nc3 e6 8. dxe6 fxe6 9. Nge2 Bb7 10. O-O Neg4
11. Bb5+ c6 12. Bd3 Bh6 13. Qc4 d5 14. Qb3 Qd6 15. g3 O-O-O 16. Qa4 a6 17. Bxa6 Rhf8 18. f3 Bxe3+ 19. Bxe3 Nxe3 20. Bxb7+ Kxb7
21. Rfe1 Ra8 22. Qb3 h5 23. Nf4 Rfe8 24. Rxe3 e5 25. Nxg6 e4 26. Na4 b5 27. Nc3 d4 28. Nxb5 cxb5 29. Qxb5+ Kc7 30. Rd1 Rab8
31. Qc4+ Kd7 32. Rxd4
1-0

[Event "Below 2000 Swift Knock Out"]
[Site "SchemingMind.com"]
[Date "2015.12.02"]
[Round "-"]
[White "Brerrabbit"]
[Black "Beefmaster"]
[Result "0-1"]
[WhiteCountry "SCO"]
[BlackCountry "USA"]
[WhiteElo "1469"]
[WhiteRD "141"]
[BlackElo "1577"]
[BlackRD "77"]
[GameID "391302"]

1. e4 e5 2. Nf3 Bd6 3. Bc4 Nf6 4. Nc3 O-O 5. d4 Nc6 6. Nd5 Nxe4 7. Qe2 f5 8. Nf6+ Kh8 9. Nxh7 Kxh7 10. Ng5+ Kg6
11. h4 Nxg5 12. hxg5 f4 13. Qh5+ Kf5 14. g6+ Qg5 15. g4+ Kf6 16. Qh3 Qxg6 17. Bd2 Nxd4 18. Rc1 b5 19. Bd3 e4 20. Qh4+ Qg5
21. Bxe4 Qxh4 22. Rxh4 c6 23. c3 Ne6 24. c4 Kg5 25. Rh3 Kxg4 26. Rcc3 Kg5 27. Rcg3+ Kf6 28. Bc3+ Ke7 29. Rg2 bxc4 30. Rh7 Bb7
31. Rh5 Rab8 32. Bf5 c5 33. Rg6 Rh8 34. Bg4 Be4
0-1

[Event "Below 2000 Swift Knock Out"]
[Site "SchemingMind.com"]
[Date "2015.12.08"]
[Round "-"]
[White "Phillip Beckett"]
[Black "Scooter"]
[Result "1/2-1/2"]
[WhiteCountry "ENG"]
[BlackCountry "USA"]
[WhiteElo "1586"]
[WhiteRD "49"]
[BlackElo "1717"]
[BlackRD "47"]
[GameID "391752"]

1. d4 Nf6 2. e3 g6 3. Bd3 Bg7 4. f4 O-O 5. Nf3 d5 6. Nbd2 Bg4 7. O-O Nbd7 8. c3 c5 9. Qe1 Bxf3 10. Nxf3 cxd4
11. exd4 a6 12. Ne5 e6 13. h3 Qc7 14. g4 Nxe5 15. fxe5 Nd7 16. Bg5 b5 17. Qd2 Nb6 18. Bf6 Nc4 19. Qf2 Bh6 20. g5 Bg7
21. Bxc4 bxc4 22. Kg2 a5 23. h4 a4 24. Rh1 a3 25. h5 axb2 26. Qxb2 Rfb8 27. Qd2 Rb7 28. hxg6 fxg6 29. Kg3 Rf8 30. Qh2 Bxf6
31. gxf6 Rxf6 32. Qxh7+ Qxh7 33. Rxh7 Kxh7 34. exf6 Rb2 35. f7 Kg7 36. Rf1 Kf8 37. Rf6 Rxa2 38. Kg4 Rg2+ 39. Kf3= Rg5 40. Rxe6 Rf5+
41. Kg4 Rxf7 42. Kg5 Rh7 43. Re3 Kg7 44. Re5 Rh5+ 45. Kf4 Kf6 46. Re2 g5+ 47. Kg3 Rh4 48. Re5 Re4 49. Rxd5 Re3+ 50. Kg4 Rxc3
51. Rf5+ Kg6 52. Rxg5+ Kf6 53. Rc5 Ke6 54. Kf4 Rc1 55. Ke4 Kd6 56. Rd5+= Ke6 57. Rc5=
1/2-1/2

[Event "Below 2000 Swift Knock Out"]
[Site "SchemingMind.com"]
[Date "2015.12.08"]
[Round "-"]
[White "Scooter"]
[Black "Phillip Beckett"]
[Result "0-1"]
[WhiteCountry "USA"]
[BlackCountry "ENG"]
[WhiteElo "1717"]
[WhiteRD "47"]
[BlackElo "1586"]
[BlackRD "49"]
[GameID "391753"]

1. d4 d5 2. Nf3 Nf6 3. Bf4 e6 4. e3 c5 5. Bb5+ Bd7 6. Bxd7+ Nbxd7 7. c3 Rc8 8. O-O cxd4 9. cxd4 Nb6 10. b3 Bd6
11. Bxd6 Qxd6 12. Nbd2 O-O 13. a3 Rc7 14. b4 Rfc8 15. Ne5 Nbd7 16. Nxd7 Qxd7 17. Nb3 b6 18. Rc1 Rxc1 19. Nxc1 Ne4 20. Ne2 Nc3
21. Nxc3 Rxc3 22. Qa1 Qc7 23. g3 Rc2 24. h3 Qc3 25. Rd1 Qxa1= 26. Rxa1 Kf8 27. Kf1 Ke7 28. Ke1 Kd6 29. Rd1 Kc6 30. Rd2 Rc3
31. Ra2 Kb5 32. Kd2 Kc4 33. Rc2 Rxc2+ 34. Kxc2 b5 35. g4 g5 36. f3 f5 37. gxf5 exf5 38. f4 gxf4
0-1

[Event "Below 2000 Swift Knock Out"]
[Site "SchemingMind.com"]
[Date "2015.12.24"]
[Round "-"]
[White "Wojciech  Langer"]
[Black "surfnsuds"]
[Result "1-0"]
[WhiteCountry "INT"]
[BlackCountry "USA"]
[WhiteElo "1701"]
[WhiteRD "104"]
[BlackElo "1379"]
[BlackRD "87"]
[GameID "392182"]

1. g3 e5 2. Bg2 d5 3. d3 Nf6 4. Nf3 Nc6 5. O-O Be7 6. Re1 O-O 7. Nbd2 e4 8. dxe4 dxe4 9. Ng5 Bb4 10. Ngxe4 Nxe4
11. Bxe4 Qd6 12. c3 Bc5 13. b4 Nxb4 14. cxb4 Bxb4 15. a3 Bxd2 16. Qxd2 Qe5 17. Bxh7+ Kxh7 18. Bb2 Qe6 19. Qc3 f6 20. Rad1 Bd7
21. Qd3+ Kg8 22. Qxd7 Qc6 23. Qxc6 bxc6 24. Rd7 Rab8 25. Bc3 Rb5 26. Red1 a5 27. Rxc7 c5 28. a4
1-0

[Event "Below 2000 Swift Knock Out"]
[Site "SchemingMind.com"]
[Date "2015.12.23"]
[Round "-"]
[White "surfnsuds"]
[Black "Wojciech  Langer"]
[Result "0-1"]
[WhiteCountry "USA"]
[BlackCountry "INT"]
[WhiteElo "1379"]
[WhiteRD "87"]
[BlackElo "1701"]
[BlackRD "104"]
[GameID "392183"]

1. d4 Nf6 2. c4 e6 3. Nf3 d5 4. Nc3 Be7 5. Bg5 O-O 6. Qc2 Ne4 7. Nxe4 dxe4 8. Bxe7 Qxe7 9. Qxe4 Qb4+ 10. Nd2 Nd7
11. e3 Nf6 12. Qc2 b6 13. a3 Qe7 14. Ne4 Bb7 15. Bd3 Nh5 16. O-O f5 17. Nd2 Rad8 18. Qb3 Qg5 19. f3 Qxe3+ 20. Rf2 Qxd4
21. Bc2 c5 22. Rd1 Qe5 23. g3 f4 24. g4 Nf6 25. Kf1 h5 26. h3 hxg4 27. hxg4 Kf7 28. Re2 Qg5 29. Ne4 Nxe4 30. Bxe4 Bxe4
31. fxe4 Rh8 32. Rxd8 Qxd8 33. Qc2 Rh1+ 34. Kg2 Qh8 35. Kf3 Rf1+ 36. Rf2 Qh1+ 37. Kxf4 Qh2+ 38. Ke3+ Rxf2 39. Qxf2+ Qxf2+ 40. Kxf2 e5
41. g5 Kg6 42. Kg3 Kxg5 43. Kf3 a5 44. Kg3 Kh5 45. Kh3 g5 46. Kg3 a4 47. Kh3 g4+ 48. Kg3 Kg5 49. Kg2 Kf4
0-1

[Event "Below 2000 Swift Knock Out"]
[Site "SchemingMind.com"]
[Date "2015.12.28"]
[Round "-"]
[White "Clive Everill"]
[Black "Mortadulo"]
[Result "0-1"]
[WhiteCountry "CZE"]
[BlackCountry "USA"]
[WhiteElo "1715"]
[WhiteRD "62"]
[BlackElo "2185"]
[BlackRD "76"]
[GameID "392566"]

1. e4 c5 2. Nf3 d6 3. c3 Nf6 4. Be2 e5 5. O-O Be7 6. Re1 O-O 7. d3 Nc6 8. Nbd2 d5 9. exd5 Nxd5 10. Bf1 Qc7
11. Nc4 Bf6 12. Bg5 Bxg5 13. Nxg5 f6 14. Nf3 Bg4 15. Be2 Nf4 16. Ncd2 Rad8 17. Ne4 c4 18. h3 Nxe2+ 19. Qxe2 Bxf3 20. Qxf3 Rxd3
21. Qg4 f5 22. Qe2 fxe4 23. Qxe4 Rf4 24. Qe2 e4 25. Rad1 Ne5 26. Qh5 Qc5 27. Qe8+ Rf8 28. Qe6+ Kh8 29. Rxd3 Qxf2+ 30. Kh1 Qxe1+
0-1

[Event "Below 2000 Swift Knock Out"]
[Site "SchemingMind.com"]
[Date "2015.12.28"]
[Round "-"]
[White "Mortadulo"]
[Black "Clive Everill"]
[Result "1-0"]
[WhiteCountry "USA"]
[BlackCountry "CZE"]
[WhiteElo "2185"]
[WhiteRD "76"]
[BlackElo "1715"]
[BlackRD "62"]
[GameID "392567"]

1. Nc3 e5 2. Nf3 Nc6 3. d4 exd4 4. Nxd4 Nf6 5. Bg5 Bb4 6. Nxc6 bxc6 7. Qd4 Qe7 8. e3 d5 9. Bxf6 gxf6 10. Bd3 Bc5
11. Qa4 Bd7 12. Bf5 Rb8 13. Bxd7+ Qxd7 14. O-O-O O-O 15. Nxd5 Qe6 16. Nf4 Qe8 17. Nd3 Bd6 18. b3 Qe7 19. Qxc6 Ba3+ 20. Kb1 Rb6
21. Qf3 Rfb8 22. h4 c5 23. h5 Kh8 24. Rh4 c4 25. Rxc4 Ra6 26. h6 Rg8 27. Rg4 Rxg4 28. Qxg4 Qf8 29. Nb4 Bxb4 30. Rd8
1-0

[Event "Below 2000 Swift Knock Out"]
[Site "SchemingMind.com"]
[Date "2016.01.02"]
[Round "-"]
[White "DANDYLIONHONEYBADGER"]
[Black "mmccaffe"]
[Result "0-1"]
[WhiteCountry "USA"]
[BlackCountry "USA"]
[WhiteElo "1335"]
[WhiteRD "77"]
[BlackElo "1651"]
[BlackRD "76"]
[GameID "392641"]

1. Nc3 Nf6 2. e4 d6 3. d4 g6 4. g3 Bg7 5. g4 O-O 6. h3 Na6 7. a3 c5 8. e5 dxe5 9. dxe5 Qxd1+ 10. Kxd1 Nd7
11. f4 Rd8 12. Nd5 e6 13. Ne7+ Kf8 14. Nxc8 Raxc8 15. Bd2 Nxe5 16. Bd3 Nxd3 17. cxd3 Rxd3 18. Ke2 Rcd8 19. Nf3 b6 20. Rhf1 c4
21. Rad1 Bxb2 22. Bb4+ Kg8 23. Be7 R8d7 24. Rxd3 cxd3+ 25. Kf2 Rxe7 26. Rb1 Bxa3 27. Ra1 Bc5+ 28. Kg3 Nb4 29. Ne5 d2 30. Rd1 Be3
31. Nc4 Nd3 32. Nxe3 Nb2 33. Rxd2 Na4 34. Rd8+ Kg7 35. g5 Nc5 36. Nd5 exd5 37. Rxd5 Re3+ 38. Kf2 Rxh3 39. Kg2 Rb3 40. f5 gxf5
41. Rxf5 a5 42. Rf3 Rxf3 43. Kxf3 a4 44. Ke2 b5 45. Kf3 a3 46. Kf4 a2 47. Kf5 a1=Q 48. Kf4 Qd4+ 49. Kf5 Qe4#
0-1

[Event "Below 2000 Swift Knock Out"]
[Site "SchemingMind.com"]
[Date "2016.01.02"]
[Round "-"]
[White "mmccaffe"]
[Black "DANDYLIONHONEYBADGER"]
[Result "1-0"]
[WhiteCountry "USA"]
[BlackCountry "USA"]
[WhiteElo "1651"]
[WhiteRD "76"]
[BlackElo "1335"]
[BlackRD "77"]
[GameID "392642"]

1. e4 Nc6 2. Nf3 e5 3. Bc4 f6 4. d3 Nge7 5. Nc3 h6 6. O-O d5 7. exd5 Na5 8. Be3 Bg4 9. h3 Nxc4 10. dxc4 Bxf3
11. Qxf3 b6 12. Qh5+ g6 13. Qf3 Nf5 14. g4 Nh4 15. Qe2 Qd7 16. f4 Bd6 17. Qf2 O-O 18. Qxh4 Qg7 19. fxe5 Bxe5 20. Bxh6 Qh7
21. g5 Rae8 22. gxf6 Rf7 23. Ne4 Bd4+ 24. Kh1 Rxe4 25. Qxe4 Qxh6 26. Qe8+ Rf8 27. f7+ Kg7 28. Qe6 Bc5 29. Qe5+ Kh7 30. Qe6 Qg7
31. Rae1 Kh6 32. Re4 Kh7 33. Rh4+ Qh6 34. Rxh6+ Kxh6 35. Rf4 Kh5 36. Rh4+ Kxh4 37. Qg4#
1-0

[Event "Below 2000 Swift Knock Out"]
[Site "SchemingMind.com"]
[Date "2015.12.28"]
[Round "-"]
[White "Chessibelle"]
[Black "flyinduck"]
[Result "0-1"]
[WhiteCountry "ENG"]
[BlackCountry "CAN"]
[WhiteElo "1186"]
[WhiteRD "62"]
[BlackElo "2050"]
[BlackRD "53"]
[GameID "392666"]

1. Nf3 Nf6 2. d4 e6 3. e3 c5 4. Nc3 b6 5. Ne5 Bb7 6. h3 Be7 7. Be2 O-O 8. a3 d6 9. Ng4 Nbd7 10. O-O a6
11. Bd2 Qc7 12. Bd3 e5 13. Re1 Rfe8 14. e4 cxd4 15. Ne2 Nxe4 16. Bc1 f5 17. Nh2 d5 18. f3 Nd6 19. Bxf5 Nxf5 20. c3 dxc3
21. Nxc3 Bc5+ 22. Kh1 Ng3#
0-1

[Event "Below 2000 Swift Knock Out"]
[Site "SchemingMind.com"]
[Date "2015.12.28"]
[Round "-"]
[White "flyinduck"]
[Black "Chessibelle"]
[Result "1-0"]
[WhiteCountry "CAN"]
[BlackCountry "ENG"]
[WhiteElo "2050"]
[WhiteRD "53"]
[BlackElo "1186"]
[BlackRD "62"]
[GameID "392667"]

1. d4 d5 2. c4 Nf6 3. cxd5 Nxd5 4. Nf3 e6 5. e4 Nf6 6. Nc3 Nc6 7. Bb5 Bd7 8. O-O Bd6 9. Bxc6 Bxc6 10. e5 Be7
11. exf6 Bxf6 12. Be3 h6 13. b4 O-O 14. b5 Bd7 15. Ne5 Bh4 16. Nxd7 Qxd7 17. Qh5 Bf6 18. Rad1 Qd6 19. Ne4 Qe7 20. Nxf6+ Qxf6
21. Rc1 Rac8 22. Qe5 Rfd8 23. Qxf6 gxf6 24. Rfd1 c6 25. bxc6 bxc6 26. Kf1 Rd5 27. Rc5 Rd6 28. Rb1 Rd7 29. Ke2 f5 30. g3 f6
31. Rbc1 f4 32. gxf4 Rg7 33. Rxc6
1-0